000 00282nam a2200121Ia 4500
100 _aDoyle/L.E
942 _cBK
654 _aMaterials
245 _aMfg.Processes & Materials For Engineers
260 _bPrentice Hall of India
_aNewDelhi
_c1975
300 _a862
546 _aENGLISH
999 _c19838
_d19838